Le Seigneur des anneaux : membres de la communauté de l'anneau - Statistiques

Statistiques générales
  • Ce quiz a été pris 519 fois
  • Le résultat moyen est 9 sur 9
Statistiques - réponses
Membres % Correct
Aragorn
99%
Frodon
99%
Gandalf
99%
Legolas
99%
Sam
99%
Gimli
97%
Pippin
96%
Boromir
94%
Merry
94%
Aucun quiz correspondant
Distribution des résultats
% des personnes avec chaque résultat
Percentile par nombre de réponses
Votre historique - résultats
Vous n’avez pas pris ce quiz